| 000 | 00542nam a2200169 a 4500 | ||
|---|---|---|---|
| 005 | 20140414132111.0 | ||
| 008 | 110513s19uu xx 00 eng d | ||
| 020 | _a9780545151283 | ||
| 050 |
_aTR _bB48 2008 |
||
| 100 | _aHelakoski, Leslie. | ||
| 245 |
_aBig chickens fly the coop. / _cLeslie Helakoski ; illustrated by Henry Cole. |
||
| 260 |
_aNew York : _bScholastic , _cc2008. |
||
| 520 | _aFour fearful chickens venture out to see the farmhouse, with humorous results. | ||
| 650 | _aFarm life | ||
| 650 | _aChickens | ||
| 999 |
_c114762 _d114762 |
||